<?xml version="1.0" encoding="UTF-8"?>
<record
    xmlns:xsi="http://www.w3.org/2001/XMLSchema-instance"
    xsi:schemaLocation="http://www.loc.gov/MARC21/slim http://www.loc.gov/standards/marcxml/schema/MARC21slim.xsd"
    xmlns="http://www.loc.gov/MARC21/slim">

  <leader>01259nam a2200253Ia 4500</leader>
  <controlfield tag="003">OSt</controlfield>
  <controlfield tag="005">20241018113149.0</controlfield>
  <controlfield tag="008">200731s9999    xx            000 0 und d</controlfield>
  <datafield tag="020" ind1=" " ind2=" ">
    <subfield code="a">7807024054</subfield>
  </datafield>
  <datafield tag="020" ind1=" " ind2=" ">
    <subfield code="a">9787807024057</subfield>
  </datafield>
  <datafield tag="040" ind1=" " ind2=" ">
    <subfield code="c">0</subfield>
  </datafield>
  <datafield tag="041" ind1=" " ind2=" ">
    <subfield code="a">chi</subfield>
  </datafield>
  <datafield tag="050" ind1=" " ind2=" ">
    <subfield code="a">PL2780.F4</subfield>
    <subfield code="b">.A6 1999</subfield>
  </datafield>
  <datafield tag="100" ind1=" " ind2=" ">
    <subfield code="a">&#x5DF4;&#x91D1;</subfield>
  </datafield>
  <datafield tag="245" ind1=" " ind2=" ">
    <subfield code="a">&#x5DF4;&#x91D1;&#x6563;&#x6587;</subfield>
    <subfield code="b"> /</subfield>
    <subfield code="c">&#x5DF4;&#x91D1;&#x8457;; &#x674E;&#x6653;&#x660E;&#x7F16;</subfield>
  </datafield>
  <datafield tag="246" ind1=" " ind2=" ">
    <subfield code="a">&#x5DF4;&#x91D1;&#x6563;&#x6587;</subfield>
  </datafield>
  <datafield tag="260" ind1=" " ind2=" ">
    <subfield code="a">&#x9577;&#x6625;:</subfield>
    <subfield code="b">&#x5409;&#x6797;&#x6587;&#x53F2;&#x51FA;&#x7248;&#x793E;,</subfield>
    <subfield code="c">2006</subfield>
  </datafield>
  <datafield tag="300" ind1=" " ind2=" ">
    <subfield code="a">8,234 p.</subfield>
    <subfield code="b">;</subfield>
    <subfield code="c">23 cm.</subfield>
  </datafield>
  <datafield tag="505" ind1=" " ind2=" ">
    <subfield code="a">&#x4E2D;&#x534E;&#x6563;&#x6587;&#xFF0C;&#x6E90;&#x8FDC;&#x6D41;&#x957F;&#x3002;&#x6570;&#x5343;&#x5E74;&#x7684;&#x6563;&#x6587;&#x521B;&#x4F5C;&#xFF0C;&#x6216;&#x6292;&#x60C5;&#x3001;&#x6216;&#x8A00;&#x5FD7;&#x3001;&#x6216;&#x72B6;&#x666F;&#x3001;&#x6216;&#x6000;&#x4EBA;&#x2026;&#x2026;&#x83AB;&#x4E0D;&#x53CD;&#x6620;&#x51FA;&#x65F6;&#x4EE3;&#x7684;&#x98CE;&#x4E91;&#x53D8;&#x5E7B;&#x548C;&#x4EBA;&#x4EEC;&#x7684;&#x601D;&#x60F3;&#x60C5;&#x611F;&#x3002;&#x4E2D;&#x534E;&#x6563;&#x6587;&#x7684;&#x8FD9;&#x4E9B;&#x4F18;&#x826F;&#x4F20;&#x7EDF;&#x5728;&#x4E8C;&#x5341;&#x4E16;&#x7EAA;&#x4EE5;&#x964D;&#x7684;&#x65B0;&#x6587;&#x5B66;&#x90A3;&#x91CC;&#xFF0C;&#x4E0D;&#x4EC5;&#x5F97;&#x5230;&#x4E86;&#x5168;&#x9762;&#x4F20;&#x627F;&#xFF0C;&#x4E14;&#x4E0D;&#x65AD;&#x6709;&#x6240;&#x521B;&#x65B0;&#x3001;&#x6709;&#x6240;&#x53D1;&#x5C55;&#x3002;&#x4E3A;&#x4E86;&#x5C55;&#x793A;&#x4E8C;&#x5341;&#x4E16;&#x7EAA;&#x4EE5;&#x6765;&#x4E2D;&#x534E;&#x6563;&#x6587;&#x7684;&#x521B;&#x4F5C;&#x4E1A;&#x7EE9;&#xFF0C;&#x6211;&#x4EEC;&#x5728;&#x65B0;&#x4E16;&#x7EAA;&#x4E4B;&#x521D;&#x5373;&#x7F16;&#x8F91;&#x51FA;&#x7248;&#x8FC7;&#x201C;&#x4E2D;&#x534E;&#x6563;&#x6587;&#x73CD;&#x85CF;&#x672C;&#x201D;&#x51E1;&#x4E09;&#x5341;&#x79CD;&#x3002;&#x4E8C;&#x96F6;&#x96F6;&#x4E94;&#x5E74;&#xFF0C;&#x6211;&#x4EEC;&#x5728;&#x6B64;&#x57FA;&#x7840;&#x4E0A;&#x9009;&#x51FA;&#x5341;&#x516D;&#x79CD;&#xFF0C;&#x4F5C;&#x4E3A;&#x201C;&#x4E2D;&#x534E;&#x6563;&#x6587;&#x63D2;&#x56FE;&#x73CD;&#x85CF;&#x7248;&#x201D;&#x7B2C;&#x4E00;&#x8F91;&#x51FA;&#x7248;&#x3002;&#x6B64;&#x6B21;&#x53C8;&#x9009;&#x51FA;&#x5341;&#x79CD;&#xFF0C;&#x4F5C;&#x4E3A;&#x7B2C;&#x4E8C;&#x8F91;&#x51FA;&#x7248;&#x3002;
&#x4F5C;&#x8005;&#x7B80;&#x4ECB;
</subfield>
  </datafield>
  <datafield tag="650" ind1=" " ind2=" ">
    <subfield code="a">Ba, Jin, -- 1904-2005.</subfield>
  </datafield>
  <datafield tag="650" ind1=" " ind2=" ">
    <subfield code="a">Chinese fiction.</subfield>
  </datafield>
  <datafield tag="700" ind1=" " ind2=" ">
    <subfield code="a">&#x674E;&#x6653;&#x660E;</subfield>
  </datafield>
  <datafield tag="942" ind1=" " ind2=" ">
    <subfield code="2">ddc</subfield>
    <subfield code="c">CB</subfield>
  </datafield>
  <datafield tag="952" ind1=" " ind2=" ">
    <subfield code="0">0</subfield>
    <subfield code="1">0</subfield>
    <subfield code="4">0</subfield>
    <subfield code="7">0</subfield>
    <subfield code="a">GETS</subfield>
    <subfield code="b">GETS</subfield>
    <subfield code="c">GEN</subfield>
    <subfield code="d">2020-07-09</subfield>
    <subfield code="l">0</subfield>
    <subfield code="o">PL2780.F4 .A6 2012</subfield>
    <subfield code="p">00000125</subfield>
    <subfield code="r">2020-07-09 00:00:00</subfield>
    <subfield code="w">2020-07-09</subfield>
    <subfield code="y">CB</subfield>
  </datafield>
  <datafield tag="999" ind1=" " ind2=" ">
    <subfield code="c">125</subfield>
    <subfield code="d">125</subfield>
  </datafield>
</record>
